[Event "Lansing (Mini-Swiss.6/1)"]
[Site "?"]
[Date "1990.??.??"]
[Round "?"]
[White "Cunningham, J."]
[Black "Haack, J."]
[Result "0-1"]
[WhiteElo "1605"]
[BlackElo "1605"]
[PlyCount "152"]
[EventDate "1990.??.??"]

{6/(1)} 1. e4 e5 2. Nf3 Nc6 3. Bb5 a6 4. Bxc6 dxc6 5. d3 Bc5 6. h3 Nf6 7. Qe2
Qd6 8. Nc3 b5 9. Be3 Bb4 10. Bd2 Bc5 11. Be3 Bb4 12. Qd2 c5 13. a3 Bxc3 14.
Qxc3 c4 15. Qxe5+ Qxe5 16. Nxe5 cxd3 17. cxd3 Nd7 18. Nxd7 Bxd7 19. Bc5 f6 20.
Rc1 Kf7 21. Bd4 Rac8 22. O-O Rhd8 23. Rc3 Bxh3 24. Bc5 Be6 25. Bb4 Rd7 26. f4
g6 27. e5 Bf5 28. exf6 Kxf6 29. Rc6+ Kf7 30. Rd1 Rxd3 31. Rxd3 Bxd3 32. Rxa6
Rd8 33. Ra7 Rd7 34. Ba5 Ke6 35. Rxc7 Rxc7 36. Bxc7 Kd5 37. b4 Kc4 38. Bb6 Kb3
39. Bc5 Kxa3 40. Kf2 h5 41. Ke3 Bf5 42. g3 Kb3 43. Kd4 Ka4 44. Ke5 Kb3 45. Kd4
Kc2 46. Be7 Kd2 47. Ke5 Ke2 48. Kd6 Ke3 49. Kc6 Bd3 50. Bg5 Ke4 51. Kd6 Kf3 52.
Ke5 Kxg3 53. Kd4 Bc4 54. Ke3 h4 55. Ke4 h3 56. f5 gxf5+ 57. Kxf5 Bd3+ 58. Ke5
h2 59. Bf4+ Kg2 60. Bxh2 Kxh2 61. Kd4 Bc4 62. Kc5 Kg2 63. Kd4 Kf2 64. Kc5 Ke3
65. Kb6 Kd3 66. Ka5 Kc3 67. Kb6 Kb3 68. Kc5 Bf1 69. Kb6 Kxb4 70. Kc6 Kc3 71.
Kc5 b4 72. Kd6 b3 73. Kc6 b2 74. Kd6 b1=Q 75. Kc5 Qe4 76. Kd6 Kb4 0-1

[Event "Detroit (MOR/2/33)"]
[Site "?"]
[Date "1990.??.??"]
[Round "?"]
[White "Cunningham, J."]
[Black "Griffin, John"]
[Result "0-1"]
[WhiteElo "1605"]
[BlackElo "1625"]
[PlyCount "124"]
[EventDate "1990.??.??"]

{2/(33)} 1. d4 Nf6 2. e3 e6 3. Nf3 d5 4. c4 b6 5. Bd2 Nbd7 6. Bc3 Be7 7. Bd3 c5
8. Qc2 Bb7 9. Nbd2 cxd4 10. Bxd4 Nc5 11. Be2 O-O 12. b4 Nce4 13. a3 dxc4 14.
Nxc4 Rc8 15. Rd1 Qe8 16. Qb1 Rc7 17. Nfe5 Nd7 18. f3 Nef6 19. Bd3 h6 20. Nxd7
Nxd7 21. h4 Bf6 22. Bxf6 Nxf6 23. Nd6 Qb8 24. e4 Ne8 25. e5 Nxd6 26. exd6 Rd7
27. Bh7+ Kh8 28. h5 Rxd6 29. Rxd6 Qxd6 30. Bd3 Rd8 31. Ke2 Qe5+ 32. Kf1 Qc3 33.
Ke2 Qxa3 34. Rd1 Ba6 35. Bxa6 Qxa6+ 36. b5 Qc8 37. Rxd8+ Qxd8 38. Qe4 Qc8 39.
g4 Kg8 40. Qc6 Qb8 41. Kf1 Kf8 42. Qd7 Qa8 43. Qd6+ Ke8 44. Kf2 Qc8 45. Kg3 Qd7
46. Qb8+ Ke7 47. Qe5 Qd6 48. f4 Qxe5 49. fxe5 f6 50. Kf4 Kf7 51. Ke4 g6 52. Kf4
gxh5 53. gxh5 f5 54. Ke3 Ke7 55. Kf4 Kd7 56. Ke3 Kc7 57. Kf4 Kb7 58. Ke3 a6 59.
bxa6+ Kxa6 60. Kd4 Kb5 61. Kc3 Kc5 62. Kb3 Kd5 0-1

[Event "Lansing (Apr)"]
[Site "?"]
[Date "1990.??.??"]
[Round "?"]
[White "Cunningham, J."]
[Black "Cusenza, J."]
[Result "1-0"]
[WhiteElo "1605"]
[BlackElo "1605"]
[PlyCount "57"]
[EventDate "1990.??.??"]

1. e4 c5 2. c3 a6 3. d4 b6 4. d5 b5 5. Be3 c4 6. a4 Bb7 7. Nf3 Nf6 8. Nbd2 e6
9. h3 exd5 10. e5 Ne4 11. Nxe4 dxe4 12. Nd4 Bc5 13. axb5 axb5 14. Nc6 Qb6 15.
Rxa8 Bxa8 16. Nxb8 Bxe3 17. Qxd7+ Kf8 18. fxe3 Qxb8 19. Be2 Qxe5 20. O-O Qe8
21. Qd6+ Qe7 22. Qb8+ Qe8 23. Qa7 g6 24. b3 Kg7 25. Qd4+ Kh6 26. bxc4 bxc4 27.
Bxc4 Rf8 28. Rf4 g5 29. Qf6+ 1-0

[Event "Lansing (Mini-Swiss.4/2)"]
[Site "?"]
[Date "1990.??.??"]
[Round "?"]
[White "Cunningham, J."]
[Black "Bohnhorst, B."]
[Result "1-0"]
[WhiteElo "1605"]
[BlackElo "1605"]
[PlyCount "129"]
[EventDate "1990.??.??"]

{4/(2)} 1. e4 c6 2. d4 d5 3. e5 Bf5 4. Bd3 Bxd3 5. Qxd3 e6 6. Nf3 h6 7. O-O b6
8. c4 c5 9. cxd5 Qxd5 10. Nc3 Qd7 11. Qb5 Ne7 12. dxc5 Qxb5 13. Nxb5 Na6 14.
Nd6+ Kd7 15. Rd1 Nd5 16. Nxf7 Rg8 17. cxb6 axb6 18. Be3 Bc5 19. Bxc5 Nxc5 20.
b4 Nb7 21. Rac1 Rgf8 22. Nd6 Nxd6 23. exd6 Kxd6 24. Rd2 Ra7 25. b5 Rc7 26. Rxc7
Kxc7 27. Ne5 g5 28. Rc2+ Kd6 29. Nc4+ Ke7 30. Ne5 Rf5 31. Nc6+ Kf6 32. Re2 Nc3
33. Re3 Nxb5 34. a4 Nc7 35. g4 Rf4 36. Ne5 Rxa4 37. Nd7+ Ke7 38. Nxb6 Ra2 39.
h3 Rb2 40. Nc4 Rc2 41. Ne5 Kf6 42. Nd7+ Kf7 43. Ne5+ Kf6 44. Nf3 Nd5 45. Re1
Nf4 46. Nd4 Nxh3+ 47. Kh2 Rxf2+ 48. Kxh3 Kf7 49. Nxe6 Rf3+ 50. Kg2 Rf6 51. Nd8+
Kg6 52. Kg3 h5 53. gxh5+ Kxh5 54. Ne6 Kg6 55. Kg4 Rf5 56. Re2 Kf6 57. Nf8 Rf4+
58. Kg3 Kf5 59. Nd7 g4 60. Rc2 Rf3+ 61. Kg2 Rb3 62. Rf2+ Kg6 63. Nf8+ Kh5 64.
Rf5+ Kh4 65. Ng6# 1-0

[Event "Lansing (Jan)"]
[Site "?"]
[Date "1990.??.??"]
[Round "?"]
[White "Cummings, J."]
[Black "Sobocinski, Mike"]
[Result "0-1"]
[WhiteElo "1955"]
[BlackElo "1715"]
[PlyCount "102"]
[EventDate "1990.??.??"]

1. e4 c6 2. d4 d5 3. Nc3 dxe4 4. f3 exf3 5. Nxf3 Nf6 6. Bc4 e6 7. O-O Be7 8.
Qe1 O-O 9. Bg5 Nd5 10. Bxe7 Nxe7 11. Rd1 Ng6 12. Kh1 Re8 13. Qg3 Qe7 14. Ne4
Nd7 15. Nfg5 Rf8 16. Nd6 Nf6 17. Rde1 Nh5 18. Qh3 Qxg5 19. Nxf7 Rxf7 20. Rxf7
Ngf4 21. Rxf4 Nxf4 22. Qf3 Nd5 23. Rf1 Qe7 24. Bd3 Nf6 25. h3 Bd7 26. c3 Rf8
27. Qe3 Nd5 28. Qe4 Rxf1+ 29. Bxf1 Nf6 30. Qe5 Qf8 31. Bc4 Nd5 32. a4 h6 33.
Qg3 a6 34. Bd3 Nf4 35. Be4 Ne2 36. Qe1 Nf4 37. Qg3 Qf6 38. b4 Qg5 39. Qf3 Nd5
40. Bxd5 exd5 41. Kh2 Bf5 42. Qe2 Be4 43. Qb2 Qf4+ 44. Kg1 h5 45. b5 h4 46.
bxa6 bxa6 47. a5 Qe3+ 48. Kh2 Kh7 49. Kh1 Qxh3+ 50. Kg1 Qe3+ 51. Kf1 Bd3+ 0-1

[Event "Detroit (MI Op/3/27)"]
[Site "?"]
[Date "1990.??.??"]
[Round "?"]
[White "Croel, Duane"]
[Black "Vukotic, D."]
[Result "0-1"]
[WhiteElo "1830"]
[BlackElo "1985"]
[PlyCount "96"]
[EventDate "1990.??.??"]

{3/(27)} 1. d4 Nf6 2. c4 g6 3. Nc3 d5 4. cxd5 Nxd5 5. e4 Nxc3 6. bxc3 Bg7 7.
Bc4 c5 8. Ne2 Qa5 9. O-O O-O 10. Be3 cxd4 11. cxd4 Nc6 12. f3 b5 13. Bd3 Rd8
14. d5 Bxa1 15. Qxa1 Nb4 16. Qc3 Qa4 17. Bh6 f6 18. a3 Nxd3 19. Qxd3 Ba6 20.
Qc3 b4 21. Qc5 Bxe2 22. Qxe7 Qd7 23. Qxd7 Rxd7 24. Re1 Kf7 25. Rxe2 g5 26. Bxg5
fxg5 27. axb4 Rb8 28. Rd2 Kf6 29. h4 h6 30. Re2 Ke5 31. Kf2 Rxb4 32. hxg5 hxg5
33. Rd2 g4 34. Ke3 Rb3+ 35. Rd3 Rxd3+ 36. Kxd3 gxf3 37. gxf3 Kf4 38. Kd4 a5 39.
e5 Kf5 40. e6 Rb7 41. Kc5 a4 42. Kc6 Re7 43. Kd6 Kf6 44. f4 a3 45. Kc6 a2 46.
f5 Kxf5 47. d6 Rxe6 48. Kc7 a1=Q 0-1

[Event "Flint (Class B/2)"]
[Site "?"]
[Date "1990.??.??"]
[Round "?"]
[White "Croel, Duane"]
[Black "Scott, D."]
[Result "0-1"]
[WhiteElo "1740"]
[BlackElo "1700"]
[PlyCount "132"]
[EventDate "1990.??.??"]

1. d4 Nf6 2. c4 e6 3. Nc3 Bb4 4. Qc2 c5 5. e3 Nc6 6. Nf3 d5 7. a3 Bxc3+ 8. bxc3
O-O 9. cxd5 exd5 10. Bd3 Bg4 11. Ng5 h6 12. Nh7 Nxh7 13. Bxh7+ Kh8 14. Bd3 cxd4
15. cxd4 Rc8 16. Qb2 Qe7 17. O-O Na5 18. f3 Be6 19. e4 Nc4 20. Bxc4 Rxc4 21.
Re1 Qc7 22. Re2 Rc8 23. Be3 Qc6 24. Rb1 b6 25. Rd1 dxe4 26. Bxh6 Rc3 27. d5
Bxd5 28. Re3 Qf6 29. fxe4 Rxe3 30. Qxf6 gxf6 31. Bxe3 Bxe4 32. Bd4 Kg7 33. Rf1
Rc6 34. Re1 Bd5 35. Rf1 Kg6 36. Rf4 f5 37. h3 Be4 38. g4 Rc1+ 39. Kf2 Rc2+ 40.
Kg3 Rg2+ 41. Kh4 Rd2 42. Be5 Rd3 43. a4 a6 44. Bc7 b5 45. axb5 axb5 46. Rf2 b4
47. Rb2 b3 48. Be5 f6 49. Bf4 Rf3 50. Bd6 Bc2 51. Be7 f4 52. g5 fxg5+ 53. Bxg5
Kf5 54. Be7 Rg3 55. Bd6 Rg6 56. Bf8 f3 57. Bc5 Ke4 58. Kh5 Rg8 59. h4 Kd3 60.
Kh6 Ke2 61. h5 Rc8 62. Bd4 f2 63. Bxf2 Kxf2 64. Kg7 Ke3 65. h6 Kd4 66. Rxb3
Rc7+ 0-1

[Event "Detroit (MI Op/1b/12)"]
[Site "?"]
[Date "1990.??.??"]
[Round "?"]
[White "Croel, Duane"]
[Black "Santiago, Reynaldo"]
[Result "0-1"]
[WhiteElo "1830"]
[BlackElo "2000"]
[PlyCount "96"]
[EventDate "1990.??.??"]

1. d4 Nf6 2. c4 c5 3. d5 e6 4. Nc3 exd5 5. cxd5 d6 6. Nf3 g6 7. Nd2 Bg7 8. e4
O-O 9. Nc4 Nxe4 10. Nxe4 Re8 11. Bd3 f5 12. f3 b5 13. Ncd2 c4 14. Bc2 Qb6 15.
Qe2 Kh8 16. a4 c3 17. bxc3 fxe4 18. fxe4 Bxc3 19. Rb1 b4 20. Bb2 Ba6 21. Qf3
Bxb2 22. Rxb2 Qd4 23. Qb3 Nd7 24. Rb1 Ne5 25. Nf3 Nxf3+ 26. gxf3 Rac8 27. Qb2
Rc3 28. Bd1 Rxe4+ 29. fxe4 Qxe4+ 30. Kf2 Qxh1 31. Be2 Qxh2+ 32. Ke1 Qxe2+ 33.
Qxe2 Bxe2 34. Kxe2 a5 35. Rf1 Kg7 36. Rf4 h5 37. Re4 Kf6 38. Re6+ Kf5 39. Rxd6
g5 40. Rb6 Rc5 41. Rb5 Rxb5 42. axb5 Ke5 43. b6 Kd6 44. Kd3 g4 45. Kc4 g3 46.
Kb5 g2 47. Ka6 g1=Q 48. b7 Qg8 0-1

[Event "Detroit (MI Op/6/33)"]
[Site "?"]
[Date "1990.??.??"]
[Round "?"]
[White "Croel, Duane"]
[Black "Ramas, C."]
[Result "0-1"]
[WhiteElo "1830"]
[BlackElo "1895"]
[PlyCount "84"]
[EventDate "1990.??.??"]

{6/(33)} 1. d4 Nf6 2. c4 e6 3. Nc3 d5 4. Bg5 Nbd7 5. cxd5 exd5 6. e3 c6 7. Bd3
h6 8. Bh4 Be7 9. Nf3 O-O 10. O-O Re8 11. h3 Ne4 12. Bxe7 Qxe7 13. Nd2 Ndf6 14.
Qe2 Bf5 15. Rfe1 Nd6 16. Bxf5 Nxf5 17. Nf3 Nd6 18. Ne5 Nfe4 19. Nxe4 Nxe4 20.
Qf3 c5 21. Rac1 Rac8 22. Qe2 c4 23. Rc2 b5 24. Rec1 a5 25. b3 Nd6 26. a4 f6 27.
Ng6 Qf7 28. Nf4 b4 29. bxc4 dxc4 30. d5 c3 31. Qa6 Nc4 32. Ne6 Qd7 33. e4 Na3
34. Ra2 c2 35. Qxa5 b3 36. Rb2 Nc4 37. Qc3 Nxb2 38. Qxb2 Qxa4 39. e5 Qa2 40.
Qd4 b2 41. Kh2 Rxe6 42. dxe6 Qxe6 0-1

[Event "Lansing (MI Am/2/39)"]
[Site "?"]
[Date "1990.??.??"]
[Round "?"]
[White "Crimmins, M."]
[Black "Pavlovich, J."]
[Result "0-1"]
[WhiteElo "1605"]
[BlackElo "1605"]
[PlyCount "50"]
[EventDate "1990.??.??"]

{2/(39)} 1. d4 Nf6 2. c4 e5 3. Nf3 e4 4. Ng5 h6 5. Nh3 d5 6. e3 c5 7. Nc3 Nbd7
8. cxd5 Nb6 9. Nf4 Bf5 10. Bb5+ Bd7 11. dxc5 Bxc5 12. d6 a6 13. Bxd7+ Qxd7 14.
Nfd5 Nbxd5 15. Nxd5 Qxd6 16. Nxf6+ Qxf6 17. Qa4+ Qc6 18. Qxc6+ bxc6 19. O-O O-O
20. b3 Rfd8 21. Bb2 Rd2 22. Rfc1 Rad8 23. h3 Bxe3 24. Bxg7 Bxf2+ 25. Kh2 Kxg7
0-1

[Event "Lansing (MI Am/5/45)"]
[Site "?"]
[Date "1990.??.??"]
[Round "?"]
[White "Crimmins, M."]
[Black "Overby, Glenn"]
[Result "1/2-1/2"]
[WhiteElo "1605"]
[BlackElo "1605"]
[PlyCount "106"]
[EventDate "1990.??.??"]

{5/(45)} 1. d4 a6 2. Nf3 e6 3. a3 b5 4. e3 Bb7 5. c4 bxc4 6. Bxc4 d5 7. Bd3 Nf6
8. Nc3 Bd6 9. b4 O-O 10. O-O Nbd7 11. Bb2 e5 12. Be2 Re8 13. Rc1 e4 14. Nd2 Nb6
15. Nb3 Bc8 16. h3 Nc4 17. Bxc4 dxc4 18. Nd2 Be6 19. Ndxe4 Bxh3 20. Qf3 Nxe4
21. Nxe4 Be6 22. Nxd6 cxd6 23. d5 Bd7 24. Qg3 f6 25. Rfd1 Bb5 26. Rd4 Re5 27.
Rg4 Rg5 28. Rxg5 fxg5 29. Bc3 h6 30. f3 Qe7 31. e4 Qa7+ 32. Qf2 Qxf2+ 33. Kxf2
Rf8 34. g4 h5 35. Rg1 Bd7 36. Ke3 hxg4 37. fxg4 Rf4 38. Bd2 Rxg4 39. Rxg4 Bxg4
40. Kd4 Bf3 41. Bxg5 Kf7 42. e5 dxe5+ 43. Kxe5 c3 44. d6 c2 45. d7 c1=Q 46.
Bxc1 Ke7 47. Kf5 Kxd7 48. Kg6 Bd1 49. Kxg7 Kc6 50. Kf6 Kb5 51. Ke5 a5 52. bxa5
Kxa5 53. Kd4 Ka4 1/2-1/2

[Event "Detroit (MOR/5/10)"]
[Site "?"]
[Date "1990.??.??"]
[Round "?"]
[White "Conlon, Russell"]
[Black "Mose, Greg"]
[Result "1-0"]
[WhiteElo "1605"]
[BlackElo "1710"]
[PlyCount "119"]
[EventDate "1990.??.??"]

{5/(10)} 1. d4 d5 2. c4 e6 3. Nf3 Nc6 4. g3 Nf6 5. Bg2 Bd6 6. Nbd2 O-O 7. O-O
e5 8. dxe5 Nxe5 9. Nxe5 Bxe5 10. Nf3 Re8 11. Nxe5 Rxe5 12. Bf4 Re8 13. cxd5 Bg4
14. Re1 Qd7 15. f3 Bh3 16. e4 Bxg2 17. Kxg2 Rad8 18. Qb3 b6 19. Rac1 Rc8 20.
Rcd1 h6 21. e5 Nh7 22. e6 fxe6 23. dxe6 Qc6 24. Rd7 Nf6 25. Rc1 Qxe6 26. Qxe6+
Rxe6 27. Rdxc7 Rxc7 28. Rxc7 a5 29. Kf2 g5 30. Bd2 Nd5 31. Rc8+ Kh7 32. Rd8 Nf6
33. Bc3 Kg6 34. h3 h5 35. Rf8 a4 36. Rxf6+ Rxf6 37. Bxf6 Kxf6 38. g4 h4 39. Ke3
Ke5 40. b4 a3 41. b5 Kd5 42. f4 gxf4+ 43. Kxf4 Ke6 44. g5 Kf7 45. Kg4 Kg7 46.
Kxh4 Kg6 47. Kg4 Kg7 48. h4 Kg6 49. h5+ Kh7 50. Kf5 Kg7 51. Ke6 Kh7 52. Kf6 Kg8
53. h6 Kh7 54. g6+ Kh8 55. g7+ Kg8 56. h7+ Kxh7 57. Kf7 Kh6 58. g8=Q Kh5 59.
Kf6 Kh4 60. Kf5 1-0

[Event "Detroit (MOR/2/31)"]
[Site "?"]
[Date "1990.??.??"]
[Round "?"]
[White "Conlon, Russell"]
[Black "Moore, Robert"]
[Result "1-0"]
[WhiteElo "1605"]
[BlackElo "1735"]
[PlyCount "99"]
[EventDate "1990.??.??"]

{2/(31)} 1. d4 Nf6 2. c4 d6 3. Nc3 g6 4. e4 Bg7 5. f4 O-O 6. Nf3 c5 7. d5 Nh5
8. Be2 Nd7 9. Qc2 e5 10. fxe5 Nxe5 11. O-O Nxf3+ 12. Bxf3 Bd4+ 13. Kh1 Qh4 14.
Bxh5 Qxh5 15. Ne2 Be5 16. Bf4 Bxf4 17. Nxf4 Qe5 18. Rae1 Bd7 19. Nd3 Qg5 20. e5
Qe7 21. Qb3 Bf5 22. exd6 Qxd6 23. Ne5 Rab8 24. Qg3 Bc2 25. Rf2 Ba4 26. Qa3 Rbe8
27. Rfe2 b5 28. b3 f6 29. Nf3 Rxe2 30. Rxe2 bxc4 31. Qxa4 Qxd5 32. Qxc4 Qxc4
33. bxc4 Kf7 34. Rb2 Re8 35. Rb7+ Re7 36. Rxe7+ Kxe7 37. Kg1 Ke6 38. Kf2 h5 39.
Ke3 g5 40. h4 g4 41. Nd2 Ke5 42. Nb3 f5 43. g3 f4+ 44. gxf4+ Kf5 45. Nxc5 g3
46. Kf3 g2 47. Kxg2 Kxf4 48. Kh3 Ke5 49. Nb3 a6 50. Kg3 1-0

[Event "Detroit (MOR/7/7)"]
[Site "?"]
[Date "1990.??.??"]
[Round "?"]
[White "Conlon, Russell"]
[Black "Jointer, William"]
[Result "0-1"]
[WhiteElo "1605"]
[BlackElo "1735"]
[PlyCount "58"]
[EventDate "1990.??.??"]

{7/(7)} 1. d4 Nf6 2. c4 e5 3. dxe5 Ng4 4. e4 d6 5. Nf3 Nc6 6. h3 Ngxe5 7. Nbd2
Qf6 8. Nh4 Qg5 9. g3 Bd7 10. Ndf3 Qe7 11. Nxe5 dxe5 12. Be3 O-O-O 13. Qc2 h6
14. O-O-O g5 15. Ng2 h5 16. f4 exf4 17. gxf4 gxf4 18. Nxf4 Nb4 19. Qb1 Bh6 20.
a3 Nc6 21. Nd5 Bxe3+ 22. Nxe3 f5 23. Bd3 fxe4 24. Bf1 Qg5 25. Re1 Ne5 26. Qc2
Nd3+ 27. Bxd3 exd3 28. Qd2 Qf4 29. Nd5 Qxc4+ 0-1

[Event "Detroit (MOR/4/9)"]
[Site "?"]
[Date "1990.??.??"]
[Round "?"]
[White "Conlon, Russell"]
[Black "Boldrick, Thomas"]
[Result "1/2-1/2"]
[WhiteElo "1605"]
[BlackElo "1680"]
[PlyCount "101"]
[EventDate "1990.??.??"]

{4/(9)} 1. d4 Nf6 2. c4 e6 3. g3 c5 4. d5 exd5 5. cxd5 d6 6. Bg2 Bf5 7. Nc3 Be7
8. e4 Bg6 9. f4 Nbd7 10. Nge2 O-O 11. Qb3 b6 12. O-O Re8 13. a4 Bf8 14. Qc4 Qe7
15. e5 dxe5 16. d6 Qxd6 17. Rd1 Qb8 18. Bxa8 Qxa8 19. Nd5 Qb7 20. Nec3 exf4 21.
Bxf4 Ne5 22. Bxe5 Rxe5 23. Re1 Bd6 24. Rxe5 Bxe5 25. Re1 Bd4+ 26. Kf1 Kf8 27.
Re7 Qc8 28. Rxa7 Qh3+ 29. Ke1 Qe6+ 30. Qe2 Qxe2+ 31. Kxe2 Bh5+ 32. Kd2 Nxd5 33.
Nxd5 g6 34. Nxb6 Bf3 35. Nd7+ Kg7 36. Rc7 Bxb2 37. Nxc5 Be5 38. Rd7 Bc6 39. Rd3
h5 40. a5 h4 41. a6 hxg3 42. hxg3 Kf6 43. a7 Bc7 44. Rb3 Ba8 45. Rb8 Ba5+ 46.
Ke3 Bg2 47. Nb7 Bb6+ 48. Kf4 Bxa7 49. Ra8 g5+ 50. Kg4 Kg6 51. Rg8+ 1/2-1/2

[Event "Detroit (MI Op/2/7)"]
[Site "?"]
[Date "1990.??.??"]
[Round "?"]
[White "Conley, Steve"]
[Black "Solis, H."]
[Result "0-1"]
[WhiteElo "1975"]
[BlackElo "2280"]
[PlyCount "78"]
[EventDate "1990.??.??"]

{2/(7)} 1. e4 c5 2. Nf3 Nc6 3. Be2 g6 4. d4 cxd4 5. Nxd4 Bg7 6. c3 Qb6 7. Nb3
Nf6 8. Be3 Qd8 9. N1d2 O-O 10. O-O d5 11. f3 b6 12. Qc2 Bb7 13. Rad1 Qc7 14. a3
Rac8 15. g4 dxe4 16. Nxe4 Nxe4 17. fxe4 Be5 18. Bf3 Bg7 19. Qg2 Ne5 20. Be2 Qc6
21. Nd2 e6 22. g5 Qa4 23. Rc1 Rcd8 24. Bd1 Qb5 25. Rb1 Ba6 26. Bc2 Qc6 27. Rf4
Bd3 28. Nb3 Nc4 29. Bc1 a5 30. Bxd3 Rxd3 31. Qe2 Rfd8 32. Rf3 Rd1+ 33. Kg2 Ne5
34. Rf1 Rxf1 35. Kxf1 Nc4 36. Bf4 e5 37. Bc1 Qb5 38. Nd2 Rxd2 39. Bxd2 Nxd2+
0-1

[Event "Detroit (MI Op/7/23)"]
[Site "?"]
[Date "1990.??.??"]
[Round "?"]
[White "Conley, Steve"]
[Black "Pirochta, T."]
[Result "1-0"]
[WhiteElo "1975"]
[BlackElo "1845"]
[PlyCount "63"]
[EventDate "1990.??.??"]

{7/(23)} 1. d4 Nf6 2. c4 c5 3. d5 e5 4. Nc3 d6 5. e4 g6 6. f4 exf4 7. Bxf4 Nh5
8. Qf3 Nxf4 9. Qxf4 Bg7 10. Nge2 O-O 11. O-O-O a6 12. a3 Qc7 13. h4 h5 14. g3
Kh7 15. Kc2 f5 16. Kb3 Nd7 17. exf5 Rxf5 18. Qd2 Ne5 19. Nf4 Rb8 20. Bh3 b5 21.
Bxf5 bxc4+ 22. Ka2 Bxf5 23. Rhf1 Bh6 24. Nce2 Nd3 25. Rb1 Qb7 26. Nc3 Nxf4 27.
gxf4 Bxb1+ 28. Rxb1 Rf8 29. Rf1 Rf5 30. Ne4 Rxd5 31. Qxd5 Qxd5 32. Nf6+ 1-0

[Event "Detroit (MI Op/1b/13)"]
[Site "?"]
[Date "1990.??.??"]
[Round "?"]
[White "Conley, Steve"]
[Black "Garrison, Ray"]
[Result "1-0"]
[WhiteElo "1975"]
[BlackElo "1815"]
[PlyCount "87"]
[EventDate "1990.??.??"]

1. c4 f5 2. Nc3 Nf6 3. g3 g6 4. Bg2 Bg7 5. e3 O-O 6. d4 d6 7. Nge2 c6 8. O-O
Na6 9. b3 Be6 10. Bb2 Nc7 11. Qd2 Bf7 12. d5 cxd5 13. Nxd5 Ncxd5 14. cxd5 Rc8
15. Rac1 Qb6 16. Nc3 Qa5 17. Rfd1 Rc7 18. Ne4 Qxd2 19. Nxf6+ Bxf6 20. Rxd2
Rxc1+ 21. Bxc1 Rc8 22. Ba3 b5 23. Kf1 a5 24. Ke2 b4 25. Bb2 Bxb2 26. Rxb2 Rc1
27. Kd3 Be8 28. Rc2 Bb5+ 29. Kd2 Rxc2+ 30. Kxc2 Kf7 31. Kd2 Kf6 32. f4 Ba6 33.
Bf3 Bb7 34. Kd3 e5 35. Bg2 Ke7 36. fxe5 dxe5 37. Kc4 Ba6+ 38. Kc5 Bd3 39. Kb6
a4 40. bxa4 Bc4 41. Kc7 Bxa2 42. d6+ Kf7 43. d7 b3 44. Bd5+ 1-0

[Event "Detroit (MI Op/5/27)"]
[Site "?"]
[Date "1990.??.??"]
[Round "?"]
[White "Conley, Steve"]
[Black "Anderson, JA."]
[Result "1-0"]
[WhiteElo "1975"]
[BlackElo "1845"]
[PlyCount "87"]
[EventDate "1990.??.??"]

{5/(27)} 1. d4 Nf6 2. c4 c5 3. d5 b5 4. e3 bxc4 5. Bxc4 d6 6. Nf3 g6 7. b3 Bg7
8. Bb2 O-O 9. O-O Nbd7 10. Nc3 Bb7 11. Qe2 Nb6 12. Rfd1 a5 13. a4 Nbd7 14. e4
Ng4 15. h3 Nge5 16. Nxe5 Nxe5 17. f4 Nxc4 18. bxc4 Qc7 19. Nb5 Qd7 20. Bxg7
Kxg7 21. Rab1 Rfb8 22. Rd3 Ba6 23. Rdb3 f6 24. e5 Rb7 25. exd6 exd6 26. Re3 Kf7
27. Re6 Bxb5 28. axb5 a4 29. Qb2 Qd8 30. Ra1 Raa7 31. Ra3 Ra8 32. g4 Raa7 33.
Qa1 Ra5 34. Rxa4 Rba7 35. Rxa5 Rxa5 36. Qb2 Ra4 37. Qc3 Rb4 38. Kf2 Rb1 39. Ke2
Rb4 40. h4 f5 41. g5 Ra4 42. Kd3 h5 43. Rf6+ Ke8 44. Rxg6 1-0

[Event "Detroit (MOR/6/34)"]
[Site "?"]
[Date "1990.??.??"]
[Round "?"]
[White "Collins, Devontia"]
[Black "Watkins, K."]
[Result "1-0"]
[WhiteElo "1605"]
[BlackElo "1605"]
[PlyCount "61"]
[EventDate "1990.??.??"]

{6/(34)} 1. Nf3 Nf6 2. g3 d5 3. Bg2 Nc6 4. O-O e5 5. d3 Bd6 6. Nbd2 O-O 7. e4
dxe4 8. Nxe4 Bg4 9. Nxd6 Qxd6 10. Be3 h6 11. Qc1 Nd5 12. Bd2 Nd4 13. Nxd4 exd4
14. Re1 Rfe8 15. a3 Rxe1+ 16. Qxe1 Qd7 17. Qe4 Nf6 18. Qxb7 Re8 19. Bc6 Bf3 20.
Bxf3 Qh3 21. Bg2 Qf5 22. Qf3 Qe6 23. Re1 Qa2 24. Rxe8+ Nxe8 25. Qa8 Kf8 26.
Bb4+ Kg8 27. Qxe8+ Kh7 28. Be4+ g6 29. Bf8 h5 30. Qe5 f6 31. Qe7+ 1-0

[Event "Lansing (MI Am/3/27)"]
[Site "?"]
[Date "1990.??.??"]
[Round "?"]
[White "Collins, Devontia"]
[Black "Sundeen, David"]
[Result "1/2-1/2"]
[WhiteElo "1605"]
[BlackElo "1700"]
[PlyCount "72"]
[EventDate "1990.??.??"]

{3/(27)} 1. Nf3 g6 2. g3 Bg7 3. Bg2 Nf6 4. O-O O-O 5. d3 Nc6 6. e4 d6 7. Nbd2
Bg4 8. h3 Bd7 9. Nc4 Qc8 10. Kh2 Rb8 11. e5 Ne8 12. exd6 exd6 13. c3 Nf6 14.
Bd2 Re8 15. Re1 Rxe1 16. Qxe1 Qf8 17. Qf1 Re8 18. Re1 Be6 19. d4 Bd5 20. Rxe8
Qxe8 21. b3 Qd7 22. Ne3 Be6 23. Ng5 d5 24. Nxe6 Qxe6 25. Qb5 Nd8 26. Bxd5 Nxd5
27. Qxd5 Qxd5 28. Nxd5 c6 29. Nb4 Bf8 30. Nd3 Ne6 31. Nf4 Nxf4 32. Bxf4 f6 33.
Kg2 Kf7 34. Kf3 Ke6 35. Ke4 f5+ 36. Kd3 b5 1/2-1/2

[Event "Lansing (MI Am/5/33)"]
[Site "?"]
[Date "1990.??.??"]
[Round "?"]
[White "Collins, Devontia"]
[Black "Neely, Richard"]
[Result "1/2-1/2"]
[WhiteElo "1605"]
[BlackElo "1605"]
[PlyCount "77"]
[EventDate "1990.??.??"]

{5/(33)} 1. Nf3 Nf6 2. g3 d5 3. Bg2 g6 4. O-O Bg7 5. d3 O-O 6. Nbd2 c6 7. e4
dxe4 8. Nxe4 Bg4 9. Nxf6+ Bxf6 10. c3 e5 11. Bh6 Re8 12. Qd2 Nd7 13. d4 Bg7 14.
Bxg7 Kxg7 15. dxe5 Nxe5 16. Qf4 Bxf3 17. Bxf3 Nxf3+ 18. Qxf3 Re6 19. Rad1 Qe7
20. c4 Re8 21. Qg4 Re4 22. Qd7 Rxc4 23. Qd3 Re4 24. Qc3+ Qe5 25. Qxe5+ R4xe5
26. Rd7 Rb5 27. b3 Re2 28. Rc7 Rxa2 29. Re1 Rxb3 30. Ree7 Rf3 31. Rxb7 Rfxf2
32. Rbc7 Kf8 33. Red7 Rg2+ 34. Kh1 Rgf2 35. Kg1 Rg2+ 36. Kh1 Ke8 37. Re7+ Kd8
38. Red7+ Ke8 39. Re7+ 1/2-1/2

[Event "Detroit (MOR/1b/29)"]
[Site "?"]
[Date "1990.??.??"]
[Round "?"]
[White "Collins, Devontia"]
[Black "Mikus, B."]
[Result "1-0"]
[WhiteElo "1605"]
[BlackElo "1605"]
[PlyCount "29"]
[EventDate "1990.??.??"]

1. Nf3 d5 2. g3 Nf6 3. Bg2 Nc6 4. O-O e5 5. d3 Bf5 6. Nbd2 Bb4 7. Re1 e4 8. Nh4
Bg4 9. dxe4 dxe4 10. Bh1 Qd4 11. c3 Bxc3 12. bxc3 Qxc3 13. Rb1 e3 14. Ne4 exf2+
15. Nxf2 {[Black castled queenside, illegally. 1-0, 31?]} 1-0

[Event "Flint (Class C/4)"]
[Site "?"]
[Date "1990.??.??"]
[Round "?"]
[White "Collins, Devontia"]
[Black "LaGuire, D."]
[Result "1/2-1/2"]
[WhiteElo "1605"]
[BlackElo "1605"]
[PlyCount "110"]
[EventDate "1990.??.??"]

1. Nf3 Nf6 2. g3 g6 3. Bg2 Bg7 4. O-O d5 5. d3 O-O 6. Nbd2 Nc6 7. e4 dxe4 8.
Nxe4 Nxe4 9. dxe4 e5 10. Bd2 Bg4 11. c3 b5 12. Qc1 Qc8 13. Bh6 f6 14. Bxg7 Kxg7
15. Qd2 Qe6 16. Rfd1 Rad8 17. Qe2 a6 18. Qc2 Na5 19. Re1 c5 20. a4 Nc4 21. axb5
axb5 22. Ra7+ Rf7 23. Rea1 Rdd7 24. Rxd7 Rxd7 25. b3 Bxf3 26. Bxf3 Nd6 27. Ra6
Qe7 28. h4 f5 29. exf5 Nxf5 30. h5 Rd6 31. Rxd6 Qxd6 32. Bg4 Kf6 33. Qb1 b4 34.
cxb4 cxb4 35. hxg6 hxg6 36. Qc2 Qb6 37. Bxf5 gxf5 38. Qc4 e4 39. Qc1 Kf7 40.
Qc4+ Kf6 41. Qc1 Qe6 42. Qc2 Qd6 43. Qb2+ Qe5 44. Qc2 Qc3 45. Qd1 Qd3 46. Qa1+
Kg5 47. Qc1+ Kg4 48. Qf4+ Kh5 49. Qxf5+ Kh6 50. Qf8+ Kg6 51. Qxb4 Qd1+ 52. Kg2
Qf3+ 53. Kf1 Qd1+ 54. Qe1 Qd3+ 55. Kg1 Kf5 1/2-1/2

[Event "Flint (Class C/1)"]
[Site "?"]
[Date "1990.??.??"]
[Round "?"]
[White "Collins, Devontia"]
[Black "Burnham, Kim"]
[Result "1-0"]
[WhiteElo "1605"]
[BlackElo "1605"]
[PlyCount "91"]
[EventDate "1990.??.??"]

1. Nf3 Nf6 2. g3 d5 3. Bg2 c5 4. O-O Nc6 5. d3 e5 6. Nbd2 Be7 7. e4 d4 8. Nc4
Bd6 9. Nxd6+ Qxd6 10. a3 a5 11. Nh4 Ne7 12. Qd2 Be6 13. Nf3 h6 14. Qe1 O-O 15.
Bd2 b6 16. Qc1 Rfc8 17. b3 b5 18. c4 bxc4 19. bxc4 Nd7 20. Bxh6 gxh6 21. Qxh6
Ng6 22. Nh4 Nxh4 23. Qxh4 Nf8 24. Qg5+ Ng6 25. h4 Qe7 26. Qh6 Qf8 27. Qg5 Kg7
28. Rab1 Rcb8 29. Qd2 Qd8 30. Bf3 f6 31. Qe2 Rxb1 32. Rxb1 Rb8 33. Rxb8 Qxb8
34. Bg4 Bxg4 35. Qxg4 Kf7 36. h5 Ne7 37. h6 Qc8 38. Qg7+ Ke6 39. h7 Qb8 40.
h8=Q Qb1+ 41. Kg2 Qxd3 42. Qg4+ f5 43. exf5+ Qxf5 44. Qxf5+ Kxf5 45. Qh5+ Ke4
46. Qf3# 1-0